Les pilotes de F1 2023 (photo) - Statistiques

Statistiques générales
  • Ce quiz a été pris 277 fois
  • Le résultat moyen est 18 sur 20
Statistiques - réponses
Par images Réponse % Correct
Pierre Gasly
100%
Charles Leclerc
99%
Lewis Hamilton
99%
Carlos Sainz
98%
Max Verstappen
98%
Lando Norris
95%
Esteban Ocon
94%
Fernando Alonso
92%
Sergio Perez
92%
Yuki Tsunoda
91%
George Russel
89%
Alexander Albon
88%
Oscar Piastri
88%
Lance Stroll
87%
Valterri Bottas
87%
Guanyu Zhou
84%
Nico Hulkenberg
82%
Kevin Magnussen
79%
Logan Sargeant
73%
Nick de Vries
66%
Aucun quiz correspondant
Distribution des résultats
% des personnes avec chaque résultat
Percentile par nombre de réponses
Votre historique - résultats
Vous n’avez pas pris ce quiz